| Tag |
First Indicator |
Second Indicator |
Subfields |
| LEADER |
00000cam a2200000 i 4500 |
| 001 |
in00001035921 |
| 005 |
20150928152304.0 |
| 008 |
791102s1978 enk 100 0 eng d |
| 035 |
|
|
|a (OCoLC)05638534
|
| 035 |
|
|
|9 AFH3200AM
|
| 040 |
|
|
|a NYG
|c NYG
|d m.c.
|d m/c
|d TXA
|d UtOrBLW
|
| 049 |
|
|
|a TXAM
|
| 090 |
|
|
|a JX1981.P7
|b C66 1978
|
| 111 |
2 |
|
|a Conference on the Peaceful Uses of Military Forces: Peacekeeping, Disaster Relief and Military Aid to the Civil Community
|d (1978 :
|c Coventry)
|
| 245 |
1 |
4 |
|a The peaceful uses of military forces :
|b peacekeeping, disaster relief and military aid to the civil community : what governments can do /
|c [Conference on the Peaceful Uses of Military Forces ... Tuesday, 25th April, 1978 in the Council Chamber, Coventry, U.K.].
|
| 264 |
|
1 |
|a [Coventry?] :
|b [Coventry Diocesan Board of Social Responsibility],
|c [1978]
|
| 300 |
|
|
|a 57 pages ;
|c 22 cm.
|
| 336 |
|
|
|a text
|b txt
|2 rdacontent
|
| 337 |
|
|
|a unmediated
|b n
|2 rdamedia
|
| 338 |
|
|
|a volume
|b nc
|2 rdacarrier
|
| 500 |
|
|
|a Cover title.
|
| 500 |
|
|
|a Sponsored by the International Affairs Committee, Board for Social Responsibility of the Church of England, the International Peace Academy and the City of Coventry.
|
| 650 |
|
0 |
|a International police
|x Congresses.
|
| 650 |
|
0 |
|a Disaster relief
|v Congresses.
|
| 650 |
|
0 |
|a Peace
|v Congresses.
|
| 710 |
2 |
|
|a International Peace Academy.
|
| 710 |
2 |
|
|a Church of England.
|b Board for Social Responsibility.
|
| 999 |
|
|
|a MARS
|
| 999 |
f |
f |
|s 393f9976-e730-3b0e-b3c9-a75999332c16
|i a07a6b2f-d7a1-3c6c-868a-540445ed0a6c
|t 0
|
| 952 |
f |
f |
|p ric
|a Texas A&M University
|b Rellis Campus
|c Joint Library Facility
|d Remote Storage
|t 0
|e JX1981.P7 C66 1978
|h Library of Congress classification
|i unmediated -- volume
|m A14813790433
|
| 998 |
f |
f |
|a JX1981.P7 C66 1978
|t 0
|l Remote Storage
|